Statistics for Islands of Australia larger than 500 km2 on a Map

Click here to take the quiz!

General Stats

  • This quiz has been taken 188 times
  • The average score is 4 of 10

Answers on the Map

Answers color-coded by a green-red scale on the quiz's map according to % correct below.
 

Answer Stats

AIsland% Correct
65,022Tasmania
99%
4,374Kangaroo
64%
1,653Fraser
45%
5,765Melville
42%
1,091King
41%
1,359Flinders
35%
1,693Bathurst
28%
2,326Groote Eylandt
26%
1,002Mornington
18%
620Dirk Hartog
8%

Score Distribution

Percentile by Number Answered

Percent of People with Each Score

Your Score History

You have not taken this quiz